Poklad byzantského kupce ; Bláznova smrt /

Hlavní autor: Erben, Václav, 1930-2003
Další autoři: Havlík, Roman, 1952-2000
Jazyk: Čeština
Vydáno: Praha : Československý spisovatel, 1986
Vydání: 3., přeprac. vyd. (v Čs. spis. 1. vyd.)
Edice: Spirála (Československý spisovatel)
Externí odkaz: Digitalizovaný dokument
Fyzický popis: 347 s. : il. ; 20 cm
Knihy
Uloženo v:
LEADER 01124nam a22003132a 4500
001 001227759
003 CZ BrMZK
005 20230503095524.0
007 ta
008 120630s1986 xr a er|||||||||||cze d
015 |a cnb000011992 
035 |a (OCoLC)63035683 
040 |a ABA001  |b cze  |d ABA001 
080 9 |a 885.0-31 
100 1 |a Erben, Václav,  |d 1930-2003  |7 jk01030537  |4 aut 
245 1 0 |a Poklad byzantského kupce ;  |b Bláznova smrt /  |c Václav Erben ; ilustrace Roman Havlík 
250 |a 3., přeprac. vyd. (v Čs. spis. 1. vyd.) 
260 |a Praha :  |b Československý spisovatel,  |c 1986 
300 |a 347 s. :  |b il. ;  |c 20 cm 
490 1 |a Spirála 
500 |a 90000 výt. 
700 1 |a Havlík, Roman,  |d 1952-2000  |7 xx0060868  |4 ill 
740 0 2 |a Bláznova smrt 
830 0 |a Spirála (Československý spisovatel)  |0 s 
856 4 1 |u http://www.digitalniknihovna.cz/mzk/uuid/uuid:e6668cb0-abef-11e2-8b87-005056827e51  |y Digitalizovaný dokument  |x NDK 
910 |a BOA001  |b D-0903.683 
990 |a BK 
991 |b 201206 
996 6 |b 2619535023  |c D-0903.683  |l MZK  |r Sklad / do 24 hodin  |n 0  |w 001261579  |u 000010  |a 1  |e BOA001  |j MZK50  |s P